| 000 | 00665nam a22001937a 4500 | ||
|---|---|---|---|
| 003 | 0 | ||
| 005 | 20250318083448.0 | ||
| 008 | 250318b xxu||||| |||| 00| 0 eng d | ||
| 020 | _a978-0-00-813346-7 | ||
| 050 |
_aPB 6.215.7413 _b.St813 2015 |
||
| 100 |
_aSteel, Abigail, _eauthor. |
||
| 245 |
_a Treasure house : _bpupil book 3 : somprehension / _cAbigail Steel. |
||
| 260 |
_a London : _bCollins Educational, _cc2015. |
||
| 300 |
_a48 pages : _bcolored illustrations ; _c27 cm. |
||
| 650 |
_aReading comprehension _xJuvenile literature. |
||
| 650 |
_aEnglish language _xJuvenile literature. |
||
| 650 |
_aEnglish literature _xJuvenile literature. |
||
| 942 |
_2lcc _cBK |
||
| 999 |
_c367302 _d367302 |
||